| 000 | 00593nam a22001937a 4500 | ||
|---|---|---|---|
| 005 | 20240905122452.0 | ||
| 010 | _aENG-141653 | ||
| 020 |
_a9788178244631 _c595.00 |
||
| 035 | _aEN-125185 | ||
| 037 | _bDBAD | ||
| 082 |
_a780.9543 _21 |
||
| 100 |
_aDhar, Sheila _971128 |
||
| 245 |
_aRaga'n Josh: _bStories From a Musical Life/ _cBy Sheila Dhar |
||
| 250 | _a1 | ||
| 260 |
_aRanikhet _bPermanent Black _c2017 |
||
| 270 |
_a'Himalyana' , Mall Road, Ranikhet Cantt _bRanikhet _e263645 _mperblack@gmail.com |
||
| 300 |
_a405p. _c21cm.(pb) |
||
| 942 |
_2ddc _cEN _h780.9543 _mDHA _e1 |
||
| 999 |
_c205588 _d205588 |
||